| 000 | 00372 a2200109 4500 | ||
|---|---|---|---|
| 001 | ART_61210 | ||
| 005 | 20260410162017.0 | ||
| 008 | 260409a | ||
| 245 | 1 | 0 | _aImplicancias del derecho administrativo en la actualidad argentina |
| 100 | 1 | _aRoitman, Facundo J. | |
| 773 | 0 |
_tTemas de derecho administrativo _g- Año 9, N° 6/7 (jun./jul. 2024) _wREV40468 |
|
| 999 |
_c32723 _d32723 |
||